AZ Ipress Center Nyomdaipari Központ társadalmi felelősségvállalásának bemutatása, Veled Vagyunk programján keresztül

Bibliographic Details
Main Author: Szabó Emőke
Other Authors: Totth Dr. Gedeon
Format: Thesis
Kulcsszavak:CSR
Társadalmi felelősségvállalás
Nyomda
Környezettudatosság
Online Access:http://dolgozattar.uni-bge.hu/4626

MARC

LEADER 00000nta a2200000 i 4500
001 dolg4626
005 20160914093605.0
008 151214suuuu hu om 000 hun d
040 |a BGE Dolgozattár Repozitórium  |b hun 
041 |a hu 
100 1 |a Szabó Emőke 
245 1 3 |a AZ Ipress Center Nyomdaipari Központ társadalmi felelősségvállalásának bemutatása, Veled Vagyunk programján keresztül  |c Szabó Emőke  |h [elektronikus dokumentum] 
695 |a CSR 
695 |a Társadalmi felelősségvállalás 
695 |a Nyomda 
695 |a Környezettudatosság 
700 1 |a Totth Dr. Gedeon  |e ths 
856 4 0 |u http://dolgozattar.uni-bge.hu/4626/1/AZ%20IPRESS%20CENTER%20NYOMDAIPARI%20K%C3%96ZPONT%20T%C3%81RSADALMI%20FELEL%C5%90SS%C3%89GV%C3%81LLAL%C3%81S%C3%81NAK%20BEMUTAT%C3%81SA%2C%20VELED%20VAGYUNK%20PROGRAMJ%C3%81N%20KERESZT%C3%9CL.pdf  |z Dokumentum-elérés